Antología [de Ezequiel Martínez Estrada] /

Tallennettuna:
Bibliografiset tiedot
Päätekijä: Martínez Estrada, Ezequiel (autor)
Aineistotyyppi: Kirja
Kieli:espanja
Julkaistu: México : Fondo de Cultura Económica, 1964, c1964
Sarja:(Colección Popular ; 59)
Aiheet:
Tagit: Lisää tagi
Ei tageja, Lisää ensimmäinen tagi!

MARC

LEADER 00000nam^a2200000^a^4500
001 000185823
005 20250521000000.0
009 20260310102205.531
037 |a Acervo ITESO - Biblioteca 
041 |a ESP 
082 |a 868.  |b MAR 
100 |a Martínez Estrada, Ezequiel  |e (autor) 
245 1 0 |a Antología [de Ezequiel Martínez Estrada] /  |c E. Martínez Estrada. 
264 4 |a México :  |b Fondo de Cultura Económica,  |c 1964, c1964 
300 |a 394 p. 
336 |a texto  |b txt  |2 rdacontenido 
337 |a sin mediación  |b n  |2 rdamedio 
338 |a volumen  |b nc  |2 rdasoporte 
440 1 |a (Colección Popular ;  |v 59) 
649 |a XX 
650 |a Ensayos Argentinos 
650 |a Poesía Argentina 
650 |a Literatura Argentina -  |y Siglo XX 
910 |a Fondo Armando Suárez Gómez 
920 |a Impresos - Libros 
930 |a Fondos Especiales 
940 |a Literatura 
905 |a 111 
901 |a 0700005712  |b IT2  |c ESP  |u 20250521 
902 |a https://opac.biblio.iteso.mx/vufind/Record/000185823